Responses for Show #8511 - Monday, November 15, 2021

Andrew He game 4.

Contestants

[<< previous game]

Jeff Meyers, an accountant from Redondo Beach, California

Molly Karol, a CPA from Austin, Texas

Andrew He, a software developer from San Francisco, California (whose 3-day cash winnings total $107,101)

[next game >>]

Jeopardy! Round responses

WORLD COLLEGES & UNIVERSITIES
TIME
A PERSON, PLACE OR RING
NOVEL QUOTES
FOREIGN WORDS & PHRASES
WHAT "A" TEAM!
    $200 30
University of São Paulo

Andrew
    $200 27
leap day (February 29th)

Jeff
    $200 29
St. Peter

Molly
    $200 25
The Martian

Andrew
    $200 28
(Andrew: What's prost?)

gesundheit

AndrewMolly
    $200 26
the Angels

Andrew
    $400 20
British Columbia

Andrew
    $400 21
a time capsule

Andrew
    $400 24
the Ring of Fire

Molly
    $400 23
The Wind in the Willows

Molly
    $400 22
eureka

Molly
    $400 19
Atlanta

Molly
    $600 17
politics

Molly
    $600 14
a sweep second hand

Triple Stumper
    $600 15
Darrow

Andrew
    $600 6
(Sylvia) Plath

Molly
    $600 16
(Andrew: What's bonne journée?)

bon voyage

AndrewMolly
    $600 18
the Astros

Andrew
    $800 8
physics

Molly
    $800 13
(Molly: What is time spent?)

time served

MollyJeff
    $800 12
Savannah

Molly
    $800 7
The Fault in Our Stars

Molly
    $800 10
(Ken: Correct, baby.)
[Laughter]

hasta la vista

Andrew
    $800 11
(Ken: Yes, now in Oakland.)

the Athletics

Jeff
    $1000 9
(Andrew: What is Stockholm?)
(Molly: What is Helsinki?)

Copenhagen

AndrewMollyJeff
    $1000 5
the horizon

Molly
    $1,000 1
Lake Powell

Andrew
    $1000 2
Rebecca

Andrew
    $1000 3
arigato

Andrew
    $1000 4
the Avalanche

Andrew

Scores at the first commercial break (after clue 15):

Andrew Molly Jeff
$4,400 $2,200 $2,600

Scores at the end of the Jeopardy! Round:

Andrew Molly Jeff
$5,600 $5,400 $2,800

Double Jeopardy! Round responses

(Ken: We start with a category about a new book...)
NATIONAL GEOGRAPHIC OCEAN: A GLOBAL ODYSSEY
ISLANDS OF EUROPE
COMPOSERS
FAMOUS NAMES
ELABORATING ON THE HITCHCOCK TITLE
WORDS WITH A SINGLE VOWEL
    $400 29
emperor penguin

Andrew
    $400 30
(Ken: Yes, the sardines... And it was very fortunate you got that answer correct; you now have half Andrew's score. Final Jeopardy! is not a foregone conclusion, my friends.)

Sardinia

Molly
    $400 27
(Ken: Yes, he was deaf by then.)

Beethoven

Andrew
    $400 26
Lenin

Andrew
    $400 9
Vertigo

Andrew
    $400 28
a shock

Triple Stumper
    $800 19
(Jeff: What is an eel?)
(Ken: More specific.)
(Jeff: Electric eel?)
...
(Ken: As Dean Martin might have said, "That's [*].")
[Laughter]

a moray

Jeff
Triple Stumper
    $800 21
Portugal

Andrew
    $14,000 18
(Ken: Rite of Spring composer, Igor [*].)

Stravinsky

Andrew
    $800 24
Aristotle

Molly
    $800 8
(Andrew: What's...)

Strangers on a Train

AndrewJeff
    $800 25
(Andrew: What is roar?)

a growl

AndrewMolly
    $1200 15
an elephant seal

Jeff
    $1200 20
Malta

Andrew
    $1200 14
Gershwin

Andrew
    $1200 4
the Mughal

Jeff
    $1200 7
The Man Who Knew Too Much

Jeff
    $1200 22
(Molly: What is the car... ah!)

the wrist

MollyJeff
    $1600 13
(Molly: What is a landfill?)

The Great Pacific Garbage Patch

Molly
Triple Stumper
    $1600 3
Mallorca & Menorca

Molly
    $1600 1
Salieri

Molly
    $7,000 2
(Molly: [After 7 seconds] Who is... Howard? [*]!)
(Ken: That's correct--King Tut's tomb.)
[Applause]
(Ken: Sometimes our brain knows things we don't know they know.)

(Howard) Carter

Molly
    $1600 5
Lifeboat

Jeff
    $1600 17
(Molly: What's, uh... I'm sorry.)

branch

AndrewMolly
    $2000 16
Sargasso

Jeff
    $2000 12
the Cyclades

Andrew
    $2000 11
Mussorgsky

Andrew
    $2000 10
(Ken: Yes, Castro's predecessor.)

Batista

Andrew
    $2000 6
The Trouble with Harry

Jeff
    $2000 23
"First in Flight"

Molly

Scores at the end of the Double Jeopardy! Round:

Andrew Molly Jeff
$30,400 $15,200 $13,200
(lock-tie game)

[wagering suggestions for these scores]

Final Jeopardy! Round responses

MYTHS & LEGENDS
JeffWhat is Gamora Camelot
$2,001
MollyWhat is Camelot?
$15,200
AndrewWhat is Camelot?
$1
Camelot

Final scores:

Andrew Molly Jeff
$30,401 $30,400 $15,201
4-day champion: $137,502 2nd place: $2,000 3rd place: $1,000

Game dynamics:

Coryat scores:

Andrew Molly Jeff
$17,200 $9,800 $13,200
24 R
(including 2 DDs),
5 W
20 R
(including 1 DD),
5 W
12 R,
1 W

Combined Coryat: $40,200

[game clues] [game scores] [suggest correction]

Game tape date: 2021-09-28
The J! Archive is created by fans, for fans. Scraping, republication, monetization, and malicious use prohibited; this site may use cookies and collect identifying information. See terms. The Jeopardy! game show and all elements thereof, including but not limited to copyright and trademark thereto, are the property of Jeopardy Productions, Inc. and are protected under law. This website is not affiliated with, sponsored by, or operated by Jeopardy Productions, Inc. Join the discussion at JBoard.tv.